[Event "Asia-ch U20 Girls"]
[Site "Waskaduwa"]
[Date "2021.12.18"]
[Round "3"]
[White "Mahdian, Anousha"]
[Black "Abdul Rasheed, Mariyam Laisa"]
[Result "1-0"]
[WhiteElo "2212"]
[BlackElo "1180"]
[PlyCount "60"]
[EventDate "2021.12.17"]
[EventType "swiss"]
[EventRounds "9"]
[EventCountry "SRI"]
[SourceTitle "CBM 206 Extra"]
[Source "ChessBase"]
[SourceDate "2022.03.31"]
[SourceVersion "1"]
[SourceVersionDate "2022.03.31"]
[SourceQuality "1"]

1. d4 d5 2. Nf3 Nf6 3. g3 g6 4. Bg2 Bg7 5. c4 c6 6. 0-0 0-0 7. b3 a5 8. Bb2 Bf5 9. Nc3 Ne4 10. Nh4 Nxc3 11. Bxc3 Be6 12. Qd3 Nd7 13. cxd5 cxd5 14. Rac1 a4 15. b4 Nf6 16. b5 Qd7 17. Bb4 Rfc8 18. b6 Rc4 19. Bc5 Rc8 20. Qa3 Rxc1 21. Rxc1 Ne4 22. e3 Nxc5 23. Rxc5 Qd8 24. Qxa4 Qxb6 25. Rxc8+ Bxc8 26. Qe8+ Bf8 27. Qxc8 Qb1+ 28. Bf1 Qxa2 29. Qxb7 e6 30. f3 Qc2 1-0

[Event "Asia-ch U20 Girls"]
[Site "Waskaduwa"]
[Date "2021.12.17"]
[Round "1"]
[White "Abdul Rasheed, Mariyam Laisa"]
[Black "Priyanka, K."]
[Result "0-1"]
[WhiteElo "1180"]
[BlackElo "2218"]
[PlyCount "90"]
[EventDate "2021.12.17"]
[EventType "swiss"]
[EventRounds "9"]
[EventCountry "SRI"]
[SourceTitle "CBM 206 Extra"]
[Source "ChessBase"]
[SourceDate "2022.03.31"]
[SourceVersion "1"]
[SourceVersionDate "2022.03.31"]
[SourceQuality "1"]

1. e4 c5 2. Nf3 d6 3. Bb5+ Nd7 4. Nc3 a6 5. Bxd7+ Bxd7 6. d4 cxd4 7. Nxd4 Nf6 8. h3 e5 9. Nf3 h6 10. 0-0 Bc6 11. Re1 Be7 12. Nd5 Bxd5 13. exd5 Rc8 14. c3 0-0 15. Be3 Qa5 16. Qb3 Qxd5 17. Qxd5 Nxd5 18. Rad1 Nxe3 19. Rxe3 Rfd8 20. Nd2 f5 21. f4 Bf6 22. fxe5 dxe5 23. Ree1 e4 24. Nf1 Be7 25. Ne3 Bc5 26. Rxd8+ Rxd8 27. Kf1 Bxe3 28. Rxe3 Rd2 29. Re2 Rxe2 30. Kxe2 f4 31. h4 g5 32. hxg5 hxg5 33. c4 Kf7 34. Kf2 Ke6 35. g3 Ke5 36. b4 e3+ 37. Ke2 Ke4 38. gxf4 gxf4 39. a4 f3+ 40. Kf1 e2+ 41. Kf2 Kd3 42. b5 Kd2 43. bxa6 bxa6 44. c5 e1Q+ 45. Kxf3 Qe3+ 0-1

[Event "Asia Nations online Cup (Women)"]
[Site "Chess.com INT"]
[Date "2020.10.19"]
[Round "7.13"]
[White "Abdul Rasheed, Mariyam Laisa"]
[Black "Lohani, Sujana"]
[Result "0-1"]
[WhiteElo "1180"]
[BlackElo "1698"]
[PlyCount "58"]
[EventDate "2020.10.11"]
[EventType "team-swiss (rapid)"]
[EventRounds "9"]
[EventCountry "IND"]
[SourceTitle "CBM 198 Extra"]
[Source "ChessBase"]
[SourceDate "2020.11.30"]
[SourceVersion "1"]
[SourceVersionDate "2020.11.30"]
[SourceQuality "1"]
[WhiteTeam "Maldives (W)"]
[BlackTeam "Nepal (W)"]
[WhiteTeamCountry "MDV"]
[BlackTeamCountry "NEP"]

1. e4 g6 2. d4 Bg7 3. Nf3 d6 4. Bc4 c6 5. a3 Bg4 6. Nc3 e6 7. 0-0 Bxf3 8. Qxf3 Bxd4 9. Bd2 Nd7 10. Rad1 Bg7 11. Bf4 Ne5 12. Bxe5 Bxe5 13. Qe3 Ne7 14. f4 Bg7 15. f5 Be5 16. fxe6 f5 17. exf5 Nxf5 18. Qf3 Qh4 19. g3 Qxc4 20. g4 Rf8 21. gxf5 Rxf5 22. Qh3 Qxe6 23. Qxh7 0-0-0 24. Rxf5 Qxf5 25. Rf1 Bd4+ 26. Kg2 Qg4+ 27. Kh1 Rh8 28. Qf7 Be5 29. Na4 Rxh2# 0-1

[Event "Online Olym Div4 A"]
[Site "Chess.com INT"]
[Date "2020.08.01"]
[Round "5.1"]
[White "Abdul Rasheed, Mariyam Laisa"]
[Black "Gosrani, Naiya"]
[Result "1/2-1/2"]
[WhiteElo "1180"]
[BlackElo "1331"]
[PlyCount "82"]
[EventDate "2020.07.31"]
[EventType "team-tourn (rapid)"]
[EventRounds "9"]
[EventCountry "USA"]
[SourceTitle "CBM 198"]
[Source "ChessBase"]
[SourceDate "2020.10.31"]
[SourceVersion "1"]
[SourceVersionDate "2020.10.31"]
[SourceQuality "1"]
[WhiteTeam "Maldives"]
[BlackTeam "Kenya"]
[WhiteTeamCountry "MDV"]
[BlackTeamCountry "KEN"]

1. e4 e5 2. Nf3 Nc6 3. Bc4 Bc5 4. d4 exd4 5. c3 dxc3 6. Bxf7+ Kxf7 7. Qd5+ Ke8 8. Qxc5 d6 9. Qxc3 Nf6 10. Bg5 Rf8 11. 0-0 Kf7 12. Rd1 Qe7 13. Re1 Kg8 14. Nbd2 Qf7 15. Bxf6 Qxf6 16. e5 dxe5 17. Ne4 Qf7 18. Re2 Bg4 19. Re3 Bxf3 20. Rxf3 Qg6 21. Rxf8+ Rxf8 22. Qe3 Qf7 23. Rf1 Qxa2 24. f4 exf4 25. Rxf4 Qb1+ 26. Kf2 Qxb2+ 27. Kg3 Rxf4 28. Qxf4 Qb3+ 29. Kg4 Qe6+ 30. Kf3 Qb3+ 31. Kg4 Qd1+ 32. Kg3 Qb3+ 33. Kf2 Qc2+ 34. Kf3 Qd3+ 35. Kg4 Qe2+ 36. Kh4 Qe1+ 37. g3 Qb4 38. Qf5 Qe7+ 39. Ng5 g6 40. Qd5+ Kf8 41. Qf3+ Kg8 1/2-1/2